|
|
|
|
| LEADER |
00000cam a22000004a 4500 |
| 001 |
musev2_70003 |
| 003 |
MdBmJHUP |
| 005 |
20230905051226.0 |
| 006 |
m o d |
| 007 |
cr||||||||nn|n |
| 008 |
090508s2009 ncu o 00 0 eng d |
| 020 |
|
|
|a 9780822392446
|
| 020 |
|
|
|z 9780822344315
|
| 020 |
|
|
|z 9780822344469
|
| 035 |
|
|
|a (OCoLC)320538524
|
| 040 |
|
|
|a MdBmJHUP
|c MdBmJHUP
|
| 100 |
1 |
|
|a Tadiar, Neferti Xina M.
|q (Neferti Xina Maca),
|d 1964-
|
| 245 |
1 |
0 |
|a Things Fall Away :
|b Philippine Historical Experience and the Makings of Globalization /
|c Neferti X.M. Tadiar.
|
| 264 |
|
1 |
|a Durham :
|b Duke University Press,
|c 2009.
|
| 264 |
|
3 |
|a Baltimore, Md. :
|b Project MUSE,
|c 2020
|
| 264 |
|
4 |
|c ©2009.
|
| 300 |
|
|
|a 1 online resource (496 pages).
|
| 336 |
|
|
|a text
|b txt
|2 rdacontent
|
| 337 |
|
|
|a computer
|b c
|2 rdamedia
|
| 338 |
|
|
|a online resource
|b cr
|2 rdacarrier
|
| 490 |
0 |
|
|a Post-contemporary interventions
|
| 505 |
0 |
|
|a Introduction. loosed upon the world -- Prostituted Filipinas and the crisis of Philippine culture -- Women alone -- Poetics of Filipina export -- Modern refuse in the "city of man" -- Petty adventures in (the nation's) capital -- Metropolitan debris -- Revolutionary imagination and the masses -- Guerilla passion and the unfinished cultural revolution -- The sorrows of people.
|
| 520 |
|
|
|a An argument that subaltern experiences that are devalued and overlooked in progressive late-twentieth-century Philippine literature have been essential to the social and economic changes wrought by globalization.
|
| 588 |
|
|
|a Description based on print version record.
|
| 650 |
|
7 |
|a Frau
|2 gnd
|
| 650 |
|
7 |
|a Guerilla
|2 gnd
|
| 650 |
|
7 |
|a Kultur
|2 gnd
|
| 650 |
|
7 |
|a Protest
|2 gnd
|
| 650 |
|
7 |
|a Sozialer Wandel
|2 gnd
|
| 650 |
|
7 |
|a Women.
|2 fast
|0 (OCoLC)fst01176568
|
| 650 |
|
7 |
|a National characteristics, Philippine.
|2 fast
|0 (OCoLC)fst01033493
|
| 650 |
|
7 |
|a Manners and customs.
|2 fast
|0 (OCoLC)fst01007815
|
| 650 |
|
7 |
|a Globalization.
|2 fast
|0 (OCoLC)fst00943532
|
| 650 |
|
7 |
|a Emigration and immigration.
|2 fast
|0 (OCoLC)fst00908690
|
| 650 |
|
7 |
|a Civilization.
|2 fast
|0 (OCoLC)fst00862898
|
| 650 |
|
7 |
|a Filipinos.
|2 fast
|0 (OCoLC)fst00924213
|
| 650 |
|
7 |
|a LITERARY CRITICISM
|x Semiotics & Theory.
|2 bisacsh
|
| 650 |
|
7 |
|a SOCIAL SCIENCE
|x Minority Studies.
|2 bisacsh
|
| 650 |
|
6 |
|a Philippins.
|
| 650 |
|
6 |
|a Femmes
|z Philippines.
|
| 650 |
|
6 |
|a Mondialisation
|z Philippines.
|
| 650 |
|
0 |
|a Filipinos.
|
| 650 |
|
0 |
|a National characteristics, Philippine.
|
| 650 |
|
0 |
|a Women
|z Philippines.
|
| 650 |
|
0 |
|a Globalization
|z Philippines.
|
| 651 |
|
7 |
|a Philippinen
|2 gnd
|
| 651 |
|
7 |
|a Philippines.
|2 fast
|0 (OCoLC)fst01205261
|
| 651 |
|
0 |
|a Philippines
|x Emigration and immigration.
|
| 651 |
|
0 |
|a Philippines
|x Social life and customs.
|
| 651 |
|
0 |
|a Philippines
|x Civilization.
|
| 655 |
|
7 |
|a Electronic books.
|2 local
|
| 710 |
2 |
|
|a Project Muse.
|e distributor
|
| 830 |
|
0 |
|a Book collections on Project MUSE.
|
| 856 |
4 |
0 |
|z Texto completo
|u https://projectmuse.uam.elogim.com/book/70003/
|
| 945 |
|
|
|a Project MUSE - Custom Collection
|